О передаче падежных окончаний и грамматических конструкций в родственных языках алтайского макросемейства; Межкультурная коммуникация: теория и практика

書誌詳細
Parent link:Межкультурная коммуникация: теория и практика.— 2014.— [С. 127-134]
第一著者: Ю Кон-Сю
団体著者: Национальный исследовательский Томский политехнический университет (ТПУ)
その他の著者: Григоренко Л. А.
要約:Заглавие с титульного экрана
言語:ロシア語
出版事項: 2014
主題:
オンライン・アクセス:http://earchive.tpu.ru/handle/11683/20104
http://www.lib.tpu.ru/fulltext/c/2014/C85/V2/022.pdf
フォーマット: 電子媒体 図書の章
KOHA link:https://koha.lib.tpu.ru/cgi-bin/koha/opac-detail.pl?biblionumber=611686

MARC

LEADER 00000naa2a2200000 4500
001 611686
005 20260416104308.0
035 |a (RuTPU)RU\TPU\conf\9498 
035 |a RU\TPU\conf\9497 
090 |a 611686 
100 |a 20150409d2014 k y0rusy50 ca 
101 0 |a rus 
102 |a RU 
135 |a drgn ---uucaa 
181 0 |a i  
182 0 |a b 
200 1 |a О передаче падежных окончаний и грамматических конструкций в родственных языках алтайского макросемейства  |f Ю Кон-Сю, Л. А. Григоренко 
203 |a Текст  |c электронный 
300 |a Заглавие с титульного экрана 
320 |a [Библиогр.: с. 134 (8 назв.)] 
337 |a Adobe Reader 
463 1 |0 (RuTPU)RU\TPU\conf\9448  |t Межкультурная коммуникация: теория и практика  |o сборник научных трудов XIV Международной научно-практической конференции "Лингвистические и культурологические традиции и инновации", Томск, 12-15 ноября 2014 г.  |f Национальный исследовательский Томский политехнический университет (ТПУ) ; ред. кол. Ю. В. Кобенко [и др.]  |v [С. 127-134]  |d 2014 
610 1 |a труды учёных ТПУ 
610 1 |a электронный ресурс 
610 1 |a языки мира 
610 1 |a лексика 
610 1 |a речевые структуры 
700 0 |a Ю Кон-Сю 
701 1 |a Григоренко  |b Л. А. 
712 0 2 |a Национальный исследовательский Томский политехнический университет (ТПУ)  |c (2009- )  |3 (RuTPU)RU\TPU\col\15902 
801 2 |a RU  |b 63413507  |c 20220228  |g RCR 
856 4 |u http://earchive.tpu.ru/handle/11683/20104 
856 4 |u http://www.lib.tpu.ru/fulltext/c/2014/C85/V2/022.pdf 
942 |c BK